<?xml version="1.0" encoding="UTF-8"?>
<record
    xmlns:xsi="http://www.w3.org/2001/XMLSchema-instance"
    xsi:schemaLocation="http://www.loc.gov/MARC21/slim http://www.loc.gov/standards/marcxml/schema/MARC21slim.xsd"
    xmlns="http://www.loc.gov/MARC21/slim">

  <leader>00485nam a2200145Ia 4500</leader>
  <controlfield tag="008">230718s9999    xx            000 0 und d</controlfield>
  <datafield tag="041" ind1=" " ind2=" ">
    <subfield code="a">eng</subfield>
  </datafield>
  <datafield tag="082" ind1=" " ind2=" ">
    <subfield code="a">338.0025</subfield>
    <subfield code="b">MAH</subfield>
  </datafield>
  <datafield tag="100" ind1=" " ind2=" ">
    <subfield code="a">Maratha Chamber Of Commerce Industries</subfield>
  </datafield>
  <datafield tag="245" ind1=" " ind2=" ">
    <subfield code="a">Industrial Directory Of Pune  + Suppliment-Profile And Analysis Of Pune Mfg. Inc. 2008</subfield>
  </datafield>
  <datafield tag="260" ind1=" " ind2=" ">
    <subfield code="b">Mccia</subfield>
  </datafield>
  <datafield tag="365" ind1=" " ind2=" ">
    <subfield code="c">Rs.</subfield>
    <subfield code="b">1250.00</subfield>
  </datafield>
  <datafield tag="700" ind1=" " ind2=" ">
    <subfield code="a">Maratha Chamber Of Commerce Industries &amp; Agriculture</subfield>
  </datafield>
  <datafield tag="906" ind1=" " ind2=" ">
    <subfield code="d">B:J/246    61215-Jul-2008</subfield>
    <subfield code="c">OTH</subfield>
  </datafield>
  <datafield tag="999" ind1=" " ind2=" ">
    <subfield code="c">318991</subfield>
    <subfield code="d">318991</subfield>
  </datafield>
  <datafield tag="952" ind1=" " ind2=" ">
    <subfield code="0">0</subfield>
    <subfield code="1">0</subfield>
    <subfield code="4">0</subfield>
    <subfield code="7">0</subfield>
    <subfield code="a">CCEP</subfield>
    <subfield code="b">CCEP</subfield>
    <subfield code="d">2008-07-23</subfield>
    <subfield code="e">Mcci</subfield>
    <subfield code="f">OTH</subfield>
    <subfield code="g">1250.00</subfield>
    <subfield code="i">J/246    612</subfield>
    <subfield code="l">0</subfield>
    <subfield code="o">338.0025</subfield>
    <subfield code="p">CCEP-BK-30198</subfield>
    <subfield code="r">2023-10-05 00:00:00</subfield>
    <subfield code="v">1250.00</subfield>
    <subfield code="w">2008-07-15</subfield>
    <subfield code="y">BK</subfield>
    <subfield code="z">030198</subfield>
  </datafield>
</record>
